00486nam a2200193 a 4500001001300000003000900013005001700022008004100039020001000080082001300090100001900103245002700122260005200149300000900201500003500210505001000245650001800255700001900273nice12345678IN_TiNIC20260116012926.0050524s1979 pooa grp 000 0 hin  ac10000a244bWHI aWhite, Allen G aBhavishya Ka Sangharsh aPoonabOriental Watchman Publishing Housec1979 a165p aincludes index and biblioraphy2 aindex aBible Stories1 aWhite, Allen G